[Event "Paulista-ch (Women)"]
[Site "Sao Paulo"]
[Date "2023.09.02"]
[Round "3"]
[White "Alquem, Claudia Regina"]
[Black "Fernandes, Thuane Teixeira"]
[Result "0-1"]
[WhiteElo "1310"]
[BlackElo "1574"]
[PlyCount "44"]
[EventDate "2023.09.01"]
[EventType "swiss"]
[EventRounds "6"]
[EventCountry "BRA"]
[SourceTitle "CBM 216 Extra"]
[Source "ChessBase"]
[SourceDate "2023.11.30"]
[SourceVersion "1"]
[SourceVersionDate "2023.11.30"]
[SourceQuality "1"]

1. e4 e5 2. Nf3 Nc6 3. Bb5 a6 4. Ba4 b5 5. Bb3 h6 6. c3 Nf6 7. 0-0 d6 8. Re1 Be7 9. d4 Bg4 10. Qd3 Bxf3 11. Qxf3 exd4 12. e5 Nxe5 13. Qf5 0-0 14. cxd4 Ng6 15. Nc3 c6 16. Bd2 d5 17. Re3 b4 18. Na4 Ne4 19. Rd1 Nxd2 20. Rxd2 Bg5 21. f4 Bxf4 22. Rf3 Bxd2 0-1

[Event "Sao Paulo STD Gansl op"]
[Site "Sao Paulo"]
[Date "2019.05.24"]
[Round "1"]
[White "Alquem, Claudia Regina"]
[Black "Dos Santos Junior, Gabriel Ribeiro"]
[Result "0-1"]
[WhiteElo "1322"]
[BlackElo "1709"]
[PlyCount "68"]
[EventDate "2019.05.24"]
[EventType "swiss"]
[EventRounds "6"]
[EventCountry "BRA"]
[SourceTitle "CBM 190 Extra"]
[Source "ChessBase"]
[SourceDate "2019.07.15"]
[SourceVersion "1"]
[SourceVersionDate "2019.07.15"]
[SourceQuality "1"]

1. e4 e5 2. Nf3 Nc6 3. Bc4 Be7 4. 0-0 Nf6 5. Re1 0-0 6. Nc3 d6 7. d4 Bg4 8. Be3 exd4 9. Bxd4 Nxd4 10. Qxd4 a6 11. Qe3 b5 12. Bd3 Bc8 13. e5 dxe5 14. Nxe5 Bb7 15. Rad1 Bd6 16. f4 Re8 17. Qh3 g6 18. a3 Nh5 19. Rf1 Qe7 20. Rde1 Nxf4 21. Rxf4 Bxe5 22. Qe3 Bd4 23. Qxd4 Qxe1+ 24. Rf1 Qe3+ 25. Qxe3 Rxe3 26. Kf2 Rae8 27. b4 R3e5 28. g3 R8e6 29. Kg1 Bc8 30. Ne4 Rxe4 31. Bxe4 Rxe4 32. Rd1 Be6 33. Kf2 Rc4 34. Rc1 Rc3 0-1

[Event "Sao Paulo Salles Cup 12th"]
[Site "Sao Paulo"]
[Date "2018.04.21"]
[Round "4"]
[White "Conrado, Carlos Alberto"]
[Black "Alquem, Claudia Regina"]
[Result "0-1"]
[WhiteElo "1320"]
[BlackElo "1746"]
[PlyCount "38"]
[EventDate "2018.04.20"]
[EventType "swiss"]
[EventRounds "6"]
[EventCountry "BRA"]
[SourceTitle "CBM 184 Extra"]
[Source "ChessBase"]
[SourceDate "2018.06.28"]
[SourceVersion "1"]
[SourceVersionDate "2018.06.28"]
[SourceQuality "1"]

1. d4 d5 2. c4 dxc4 3. Nc3 e6 4. e3 Nf6 5. Bxc4 Be7 6. e4 b6 7. Nf3 Bb7 8. Bd3 0-0 9. Qc2 g6 10. a3 Re8 11. 0-0 Bf8 12. Bg5 h6 13. Bh4 Be7 14. e5 Nh5 15. Bxe7 Qxe7 16. h3 Bxf3 17. gxf3 Nf4 18. Bxg6 Qg5+ 19. Kh1 Qg2# 0-1

[Event "Sao Paulo Salles Cup 12th"]
[Site "Sao Paulo"]
[Date "2018.04.20"]
[Round "2"]
[White "De Jesus Junior, Tobias Garcez"]
[Black "Alquem, Claudia Regina"]
[Result "1-0"]
[WhiteElo "1717"]
[BlackElo "1746"]
[PlyCount "93"]
[EventDate "2018.04.20"]
[EventType "swiss"]
[EventRounds "6"]
[EventCountry "BRA"]
[SourceTitle "CBM 184 Extra"]
[Source "ChessBase"]
[SourceDate "2018.06.28"]
[SourceVersion "1"]
[SourceVersionDate "2018.06.28"]
[SourceQuality "1"]

1. d4 d5 2. c4 dxc4 3. Nc3 e6 4. e4 Ne7 5. Nf3 Ng6 6. Bxc4 Be7 7. 0-0 0-0 8. Be3 Nd7 9. Rc1 b6 10. Nd2 Bb7 11. f4 Nf6 12. f5 exf5 13. exf5 Nh8 14. g4 Re8 15. Nb3 Nd5 16. Nxd5 Bxd5 17. Bf4 Bxc4 18. Rxc4 Bd6 19. d5 Bxf4 20. Rcxf4 Re5 21. Rd4 Qd6 22. Qf3 Rd8 23. Rc1 f6 24. Rc6 Qd7 25. Re6 Nf7 26. h4 h6 27. Kf2 Rxd5 28. Rxd5 Qxd5 29. Re8+ Kh7 30. Qxd5 Rxd5 31. Re7 Ne5 32. g5 hxg5 33. hxg5 Nd3+ 34. Ke3 Re5+ 35. Rxe5 Nxe5 36. g6+ Kg8 37. Kd4 c6 38. a4 a5 39. Nd2 Kf8 40. Ne4 Ke7 41. b3 Kd7 42. Nxf6+ Ke7 43. Nh5 Nf3+ 44. Ke4 Ng5+ 45. Kf4 Ne6+ 46. fxe6 Kxe6 47. Kg5 1-0